Paroles : S'il suffisait d'aimer - Céline Dion - Statistiques

Statistiques générales
  • Ce quiz a été pris 2 473 fois
  • Le résultat moyen est 188 sur 241
Statistiques - réponses
Paroles % Correct
si
100%
Si
100%
su
99%
d'aimer
98%
S'il
98%
s'il
98%
suffisait
98%
Qu'on
97%
qu'on
97%
de
96%
Je
96%
je
96%
s'aime,
96%
à
95%
Et
95%
et
95%
mon
94%
un
94%
ce
92%
le
92%
me
91%
rêve
91%
rêve,
91%
une
90%
mes
89%
au
88%
les
88%
Les
88%
Ma
88%
monde
88%
son
87%
tout
87%
qui
86%
corps
85%
des
84%
éternité
84%
j'avais
84%
ces
83%
ferais
83%
visage,
83%
Mais
82%
que
82%
Comment
81%
comment
81%
décor
81%
lui
81%
puis
81%
l'on
80%
pas
80%
pensées?
80%
réussi?
80%
dire
79%
faire
79%
fond
79%
parler
79%
choses
78%
coeur
78%
donner,
78%
donner
78%
j'ai
78%
J'ai
78%
l'imagine
78%
aussi
77%
autres
77%
dise
76%
font
76%
peu,
76%
tant
76%
âme,
75%
chimères
74%
dans
74%
Dans
74%
J'aurais
74%
La
74%
n'est
74%
du
72%
Rien
72%
suffisant
72%
habitant
71%
beau
70%
fautes,
70%
lire
69%
changeait
68%
en
67%
qu'en
66%
aimant
65%
Moi
64%
temps
64%
Nous
61%
sang
61%
vie
61%
est
59%
ont
57%
changer
56%
recommencer
56%
séché
56%
sous
56%
décline
55%
ferions
54%
pétale
54%
pouvait
54%
Quand
54%
songes,
54%
sur
54%
tous
54%
vent
53%
j'offrirais
52%
d'autres
50%
fleurs
50%
jardin
50%
même
50%
larmes
49%
île
45%
45%
balcon
44%
fermant
43%
coeurs
42%
d'enfant,
41%
malheurs
41%
étanche,
40%
aux
39%
cris
39%
nos
39%
nuages
39%
versées
39%
entrer
38%
rongent
38%
laissent
37%
portes
37%
pays
36%
battre
33%
présages
33%
peurs?
31%
Quelles
30%
j'entends
29%
paisible
29%
armes
26%
répondent
25%
foncent,
23%
Aucun quiz correspondant
Distribution des résultats
% des personnes avec chaque résultat
Percentile par nombre de réponses
Votre historique - résultats
Vous n’avez pas pris ce quiz